000 00477nam a2200157Ia 4500
008 240729s9999 xx 000 0 und d
022 _a2589-059X
245 0 _aInternational Soil and Water Conservation Research
260 _aChina
260 _bKeAi Communications Co., Ltd.
650 _a Engineering (General). Civil engineering (General)
650 _aTechnology
856 _uhttps://doaj.org/toc/e48e426ac2a64f2b94640b2ac6891695
942 _2ddc
942 _cDOAJEJ
999 _c67627
_d67627
945 _a1
_bMadushi Gamage
_c1
_dMadushi Gamage